00400nam a2200121Ia 4500008004100000100002300041245008100064245002100145260000900166300003600175440004900211650001800260171207s9999 xx 000 0 und d aZeligman, Melissa. aSupervising Counselors-in-Training Through a Developmental, Narrative Model  cMelissa Zeligman c2017 apages 42780, January-March 2017 aJournal of Creativity in Mental Healthv12:1 aMENTAL HEALTH